Países que acaban por la letra U - Estadísticas

Estadísticas generales
  • Esta prueba ha sido intentada 41 veces
  • La puntuación promedio es 3 de 5
Estadísticas de respuestas
País % Correcto
Nauru
76%
Vanuatu
76%
Tuvalu
73%
Perú
42%
Guinea-Bissau
33%
No se encontraron pruebas coincidentes
Distribución de puntuación
Porcentaje de gente con cada puntuación
Porcentaje por número respondido
Historial de tus puntuaciones
No has intentado esta prueba.